Top 50 Albums from 1983 - Statistics

General Stats
  • This quiz has been taken 7 times
  • The average score is 9 of 50
Answer Stats
Artist Album % Correct
#2: R.E.M. Murmur
71%
#44: The Police Synchronicity
71%
#4: Violent Femmes Violent Femmes
71%
#3: Metallica Kill 'Em All
57%
#18: U2 War
57%
#13: Brian Eno with Daniel Lanois & Roger Eno Apollo: Atmospheres & Soundtracks
43%
#20: The The Soul Mining
43%
#10: Talking Heads Speaking in Tongues
43%
#1: Tom Waits Swordfishtrombones
43%
#36: OMD Dazzle Ships
29%
#27: Swans Filth
29%
#22: Cocteau Twins Head Over Heels
29%
#7: Dio Holy Diver
29%
#8: Iron Maiden Piece of Mind
29%
#41: Echo & the Bunnymen Porcupine
29%
#6: New Order Power, Corruption & Lies
29%
#33: Bad Brains Rock for Light
29%
#25: Marillion Script for a Jester's Tear
29%
#5: The Chameleons Script of the Bridge
29%
#23: Tears for Fears The Hurting
29%
#30: Accept Balls to the Wall
14%
#48: The Go-Betweens Before Hollywood
14%
#45: Misfits Earth A.D. / Wolfs Blood
14%
#9: Mercyful Fate Melissa
14%
#14: The Fall Perverted by Language
14%
#21: Slayer Show No Mercy
14%
#50: Suicidal Tendencies Suicidal Tendencies
14%
#17: Stevie Ray Vaughan and Double Trouble Texas Flood
14%
#42: Thin Lizzy Thunder and Lightning
14%
#29: Orchestre de Paris / Daniel Barenboim Boléro / Pavane pour une Infante Défunte / La Valse / Daphnis et Chloé
0%
#28: The English Concert / Trevor Pinnock Brandenburgische Konzerte 1, 2 & 3
0%
#26: The English Concert / Trevor Pinnock Brandenburgische Konzerte 4, 5 & 6
0%
#37: Charly García Clics Modernos
0%
#24: Satan Court in the Act
0%
#19: Manilla Road Crystal Logic
0%
#35: Rudimentary Peni Death Church
0%
#43: Dolly Mixture Demonstration Tapes
0%
#32: Bacamarte Depois do Fim
0%
#38: Ashbury Endless Skies
0%
#34: John Carpenter Halloween
0%
#11: Philip Glass Koyaanisqatsi
0%
#46: Billy Bragg Life's a Riot With Spy vs. Spy
0%
#40: Republika Nowe Sytuacje
0%
#15: Wipers Over the Edge
0%
#31: Alban Berg Quartett / Heinrich Schiff Quintett C-Dur
0%
#16: John Williams Star Wars: Return of the Jedi
0%
#49: Heavy Load Stronger Than Evil
0%
#47: Concertgebouw Orchestra / Bernard Haitink Symphony No. 8
0%
#12: Djeli Moussa Diawara Yasimika
0%
#39: Einstürzende Neubauten Zeichnungen des Patienten O.T.
0%
No matching quizzes found
Score Distribution
Percent of People with Each Score
Percentile by Number Answered
Your Score History
You have not taken this quiz